| 000 | 01544nam a2200349 i 4500 | ||
|---|---|---|---|
| 003 | DO-SdBPM | ||
| 005 | 20250617131312.0 | ||
| 006 | a||||gr|||| 00| 0 | ||
| 007 | ta | ||
| 008 | 230511e2022 dr a|||gr|||| 001 edspa d | ||
| 020 | _a9789945494082 | ||
| 040 |
_aDO-SdBPM _bspa _cBPMSU _erda |
||
| 082 | 4 |
_a923.27293 _bD812C 2022 _222 |
|
| 100 | 1 |
_aCedeño de Fernández, Margarita _d1965- |
|
| 245 | 1 | 0 |
_aDiálogo con Juan Pablo Duarte. / _cMargarita Cedeño; prólogo, Juan Daniel Balcácer; ilustración, Cristian Hernández |
| 250 | _a2da. edición | ||
| 264 | 3 |
_aSanto Domingo : _bSantuario, _c2022 |
|
| 300 |
_a79 páginas : _eIlustraciones ; _c21 cm. |
||
| 336 |
_2rdacontent _atexto _btxt |
||
| 337 |
_2rdamedia _asin medición _bn |
||
| 338 |
_2rdacarrier _avolumen _bnc |
||
| 500 | _aIncluye datos biográficos de la autora en las solapas de las cubiertas | ||
| 504 | _aBibliografía: 78-79 | ||
| 505 | 0 |
_aPresentación -- _gPrólogo -- _tIntroducción -- _gPrimera parte. : _tDuarte: Arquitecto de la Nación Artífice de Sueños y Esperanza.-- _gSegunda parte. : _tReflexiones de los Diarios en el Bicentenario de Duarte.-- _tApéndice.-- _tProyecto de Constitución Redactado.-- _tBibliografía. |
|
| 590 | _aInventariado 2025 /VM | ||
| 600 | 1 | 4 |
_a Duarte, Juan Pablo _d1813-1876 _vBiografías |
| 651 | 7 |
_aRepública Dominicana _xHistoria _y1844-1930 |
|
| 700 | 1 |
_aBalcácer, Juan Daniel, _d1949- _eprólogo |
|
| 700 | 1 |
_aHernández, Cristian _e ilustración |
|
| 910 | _aVMateo V. Control de calidad. BPMSU | ||
| 942 |
_2ddc _cBK |
||
| 999 |
_c15181 _d15181 |
||